Diseño de un plan promocional como estrategia de mercado para incrementar las ventas en la Microempresa del sector comercio de productos misceláneos, en la avenida Castro Moran, de la Ciudad de Mejicanos Departamento de San Salvador. (Registro nro. 11362)

Detalles MARC
000 -LEADER
fixed length control field 00733nam a2200169Ia 4500
005 - FECHA Y HORA DE LA ÚLTIMA TRANSACCIÓN
control field 20240321144125.0
008 - FIXED-LENGTH DATA ELEMENTS--GENERAL INFORMATION
fixed length control field 240321s9999 xx 000 0 und d
040 ## - CATALOGING SOURCE
Original cataloging agency UPAN
Transcribing agency Biblioteca San Vicente
Description conventions RCAA2
041 ## - LANGUAGE CODE
Language code of text/sound track or separate title spa
082 ## - DEWEY DECIMAL CLASSIFICATION NUMBER
Classification number 658.82
Item number Ama
año de publicación 2010
100 ## - MAIN ENTRY--PERSONAL NAME
Personal name Amaya Alvarado, Johanna Carolina.
Relator code aut.
245 #0 - TITLE STATEMENT
Title Diseño de un plan promocional como estrategia de mercado para incrementar las ventas en la Microempresa del sector comercio de productos misceláneos, en la avenida Castro Moran, de la Ciudad de Mejicanos Departamento de San Salvador.
260 ## - PUBLICATION, DISTRIBUTION, ETC. (IMPRINT)
Place of publication, distribution, etc San Salvador:
Name of publisher, distributor, etc Universidad Panamericana,
Date of publication, distribution, etc 2010
300 ## - PHYSICAL DESCRIPTION
Extent 121 p.;
Dimensions 28 cm.
650 ## - SUBJECT ADDED ENTRY--TOPICAL TERM
Source of heading or term LEMB
Topical term or geographic name as entry element Estrategia de mercado
General subdivision Plan promocional
942 ## - ADDED ENTRY ELEMENTS (KOHA)
Koha item type Libros
Source of classification or shelving scheme Dewey Decimal Classification
Existencias
Withdrawn status Lost status Source of classification or shelving scheme Damaged status Not for loan Collection code Home library Current library Date acquired Total Checkouts Full call number Barcode Date last seen Copy number Price effective from Koha item type
    Dewey Decimal Classification     Colección General Biblioteca UPAN San Vicente Biblioteca UPAN San Vicente 21/03/2024   658.82 Ama 12100913 21/03/2024 01 21/03/2024 Trabajos de Grado